000 00362nam a22001577a 4500
003 OSt
005 20160510120650.0
008 160510b xxu||||| |||| 00| 0 eng d
020 _a1-4129-2814-1
040 _cN/A
100 _aDAVID M. NEWMAN
245 _aSOCIOLOGY
250 _aSIXTH EDITION
260 _aUSA
_bSAGE PUBLICATIONS
_c2006
942 _2lcc
_cBK
999 _c253434
_d253433